| 000 | 00985nam a22001937a 4500 | ||
|---|---|---|---|
| 008 | 111130s2003 ua|||||r|||| 00| 0 ara d | ||
| 020 | _a9772272385 | ||
| 082 |
_222 _a327.174 _bس ل ا |
||
| 100 |
_927948 _aعبد السلام، محمد احمد |
||
| 245 |
_aالمناطق الخالية من الأسلحة النووية : _cمحمد عبد السلام. _bبين الشروط النظرية والخبرات العملية / |
||
| 260 |
_aالقاهرة : _bمركز الدراسات السياسية والاستراتيجية، _c2003. |
||
| 300 |
_a529 ص. : _bايض ؛ _c24 سم. |
||
| 504 | _aيشتمل على ارجاعات ببليوجرافية | ||
| 650 |
_927865 _aنزع السلاح |
||
| 650 |
_928066 _aالأسلحة والتسليح |
||
| 653 |
_bPol _cNovember2011 |
||
| 942 |
_2ddc _cBB |
||
| 999 |
_c16279 _d16279 |
||